BSOP header

Heavenly helpers St Anthony & St. Jude : (Record no. 4642)

MARC details
000 -LEADER
fixed length control field 00708nam a2200205 4500
008 - FIXED-LENGTH DATA ELEMENTS--GENERAL INFORMATION
fixed length control field 011030s1994 us engYA
020 ## - INTERNATIONAL STANDARD BOOK NUMBER
International Standard Book Number 0824514351
090 ## - LOCALLY ASSIGNED LC-TYPE CALL NUMBER (OCLC); LOCAL CALL NUMBER (OCLC)
Classification number (OCLC) (R) ; Classification number, CALL (RLIN) (NR) BX4700.A6
Local cutter number (OCLC) ; Book number/undivided call number, CALL (RLIN) F49h
100 1# - MAIN ENTRY--PERSONAL NAME
Personal name Finley, Mitch
245 10 - TITLE STATEMENT
Title Heavenly helpers St Anthony & St. Jude :
Remainder of title amazing true stories of answered prayers /
Statement of responsibility, etc Mitch Finley.
260 ## - PUBLICATION, DISTRIBUTION, ETC. (IMPRINT)
Place of publication, distribution, etc New York :
Name of publisher, distributor, etc Crossroad,
Date of publication, distribution, etc c1994.
300 ## - PHYSICAL DESCRIPTION
Extent ix, 145 p.
600 14 - SUBJECT ADDED ENTRY--PERSONAL NAME
Personal name Anthony, of Padua, Saint, 1195-1231.
600 14 - SUBJECT ADDED ENTRY--PERSONAL NAME
Personal name Jude, Saint.
650 #4 - SUBJECT ADDED ENTRY--TOPICAL TERM
Topical term or geographic name as entry element Catholic church
General subdivision Customs and practices.
650 #4 - SUBJECT ADDED ENTRY--TOPICAL TERM
Topical term or geographic name as entry element Christian saints
General subdivision Biography.
650 #4 - SUBJECT ADDED ENTRY--TOPICAL TERM
Topical term or geographic name as entry element Saints
General subdivision Legendes.
951 ## - EQUIVALENCE OR CROSS-REFERENCE-GEOGRAPHIC NAME/AREA NAME [OBSOLETE] [CAN/MARC only]
General subdivision 00019187
951 ## - EQUIVALENCE OR CROSS-REFERENCE-GEOGRAPHIC NAME/AREA NAME [OBSOLETE] [CAN/MARC only]
-- 21906
-- BX4700.A6/F49h
-- 070613111013578
-- 2000-12-21
-- GC
Holdings
Withdrawn status Lost status Damaged status Not for loan Home library Current library Shelving location Date acquired Accession number Shelving control number Total Checkouts Full call number Barcode Date last seen Price effective from Koha item type
        BSOP Library BSOP Library GC 12/21/2000 21906 127   BX4700.A6/F49h 00019187 02/23/2013 02/23/2013 Books
BSOP

Biblical Seminary of the Philippines
  All rights Reserved
  © 2024

CONTACT INFORMATION

Biblical Seminary of the Philippines,
  77-B Karuhatan Road, Valenzuela City,
  PHILIPPINES 1441
  Phone: +632 8292-6795 / 8292-6798
  Fax : +632 8292-6675
  Email: library@bsop.edu.ph